000 00562nam a2200205Ia 4500
008 220216s9999 xx 000 0 und d
100 _aGuy L.
245 0 _aNew insights in the dynamic properties of precipitated silica filled rubber using a new high surface silica
260 _bKautschuk Gummi Kunststoffe
_c2009
300 _a383-391
650 _aAdsorption
650 _aCarbon black
650 _aPayne effect
650 _aReinforcement
650 _aSilica
700 _aBomal Y.
700 _aCochet P
700 _aDaudey S.
942 _cJS
999 _c63833
_d63833